000 00393 a2200169 4500
001 71137
020 _a8508007604
040 _cAnchieta - Colégio São Paulo
100 _aAlmeida, Fernanda Lopes
240 1 0 _aA Margarida friorenta
_lpor
245 1 0 _aA Margarida friorenta
300 _a32
362 0 _a2000
440 1 _aÁtica
650 4 _aLiteratura infanto-juvenil
942 _cBK
999 _c71137
_d71137